000
00296nam a22001337a 4500
008
171202b xxu||||| |||| 00| 0 eng d
020
_a
9780061474620
041
_a
eng
080
_a
32
100
_a
18
101
_a
SHP
245
_a
YOUR GOVERNMENT FAILED YOU
_c
CLARKE, R.A
942
_2
udc
_c
BK
999
_c
38757
_d
38757